| 000 | 00710nam a22001337a 4500 | ||
|---|---|---|---|
| 040 | _cRUA | ||
| 082 | _aAGR EM 2003 B029 Or.1 | ||
| 100 | _aEM SOPHEAK | ||
| 245 | _aResponse of mungbean to n,p and k application on sandy soil of the lowlands,(ការឆ្លើនតបនៃដំណាំសណ្ដែកបាយក្នុងការប្រើប្រាស់ ជីជាតិ អិន ប៉េ និងកានៅលើដីខ្សាច់ខ្សត់ជីជាតិនៃតំបន់ទំនាប) | ||
| 260 |
_aphnom penh _bRUA _c2003 |
||
| 300 |
_a42p. _cill. |
||
| 856 | _uhttps://drive.google.com/file/d/1v94CQlIOtwFwwskB5QUJfaavHCcXgK6F/view?usp=sharing | ||
| 942 | _cAGR | ||
| 999 |
_c574 _d574 |
||